[Event "Sparkassen Open A"]
[Site "Dortmund GER"]
[Date "2012.07.20"]
[Round "7.6"]
[White "Wagner, Alexej"]
[Black "Sundorf, Jannik"]
[Result "1/2-1/2"]
[WhiteElo "2216"]
[BlackElo "2170"]
[WhiteFideId "4129555"]
[BlackFideId "12905380"]
[EventDate "2012.07.14"]

1. d4 Nf6 2. c4 e6 3. Nc3 Bb4 4. Qc2 O-O 5. a3 Bxc3+ 6. Qxc3 b5 7. cxb5 c6 8.
bxc6 Nxc6 9. Nf3 Bb7 10. e3 Rc8 11. Qd3 Na5 12. Nd2 Ne4 13. Be2 Bd5 14. O-O Nxd2
15. Bxd2 Nb3 16. Bb4 d6 17. Rab1 Qb6 18. Qa6 Rc6 19. Qxb6 Rxb6 20. Rfd1 a5 21.
Bc3 Be4 22. Bd3 Bxd3 23. Rxd3 a4 24. Bb4 Rc8 25. Rc3 Rxc3 26. Bxc3 d5 27. Kf1
Rc6 28. Re1 Kf8 29. Re2 Ke8 30. Ke1 Nc1 31. Rc2 Nb3 32. Kd1 Na1 33. Re2 Nb3 34.
f3 Rc4 35. Re1 Kd7 36. Ke2 Rc8 37. Kd3 Rc4 38. e4 f6 39. exd5 exd5 40. g4 Rc6
41. f4 Ra6 42. Bb4 Re6 43. Rxe6 Kxe6 44. f5+ Kd7 45. Kc3 g6 46. Bc5 Nc1 47. Kb4
Nd3+ 48. Kxa4 Nxb2+ 49. Kb5 Nc4 50. a4 Ne3 51. fxg6 hxg6 52. h3 f5 53. gxf5 gxf5
54. a5 f4 55. Bb4 Ng2 56. a6 f3 57. a7 f2 58. a8=Q f1=Q+ 59. Kb6 Qf6+ 60. Ka5
Qxd4 61. Qb7+ Ke6 62. Qc8+ Kf7 63. Qf5+ Kg8 64. Qg5+ Qg7 65. Qxd5+ Kh7 66. Qd3+
Qg6 67. Qd7+ Qg7 68. Qf5+ Qg6 69. Qe5 Qg7 70. Qe4+ Qg6 71. Qd5 Nh4 72. Bc3 Qf5
73. Be5 Nf3 74. Qb7+ Kg6 75. Qg7+ Kh5 76. Qh8+ Kg6 77. Qe8+ 1/2-1/2

[Event "Sparkassen Open A"]
[Site "Dortmund GER"]
[Date "2012.07.20"]
[Round "7.7"]
[White "Jesse, Ingemars"]
[Black "Reisberg, Andre"]
[Result "1-0"]
[WhiteElo "2349"]
[BlackElo "1965"]
[WhiteFideId "11602724"]
[BlackFideId "1270630"]
[EventDate "2012.07.14"]

1. Nf3 e6 2. d4 d5 3. c4 Nf6 4. g3 c6 5. Nbd2 Nbd7 6. Bg2 Bd6 7. b3 O-O 8. Bb2
Bb8 9. Qc2 Re8 10. O-O e5 11. cxd5 Nxd5 12. e4 N5f6 13. Nc4 exd4 14. Nxd4 Nb6
15. Rad1 Qc7 16. Ne3 Ng4 17. Nef5 g6 18. Qd2 f6 19. Nh6+ Nxh6 20. Qxh6 Qg7 21.
Qh4 Be5 22. f4 g5 23. Qh5 Bxd4+ 24. Bxd4 Be6 25. e5 Bf7 26. Qf3 Bd5 27. Qf2 fxe5
28. Bxe5 Qg6 29. Ba1 g4 30. Bxd5+ Nxd5 31. Qd4 a6 32. f5 Qg5 33. Qh8+ Kf7 34.
Qxh7+ Kf8 35. Qg6 Qxg6 36. fxg6+ Kg8 37. Rf7 Re3 38. Rg7+ Kf8 39. Rh7 Rae8 40.
Rf1+ Rf3 41. Rxf3+ gxf3 42. Rh8+ 1-0

[Event "Sparkassen Open A"]
[Site "Dortmund GER"]
[Date "2012.07.20"]
[Round "7.8"]
[White "Ciornei, Dragos"]
[Black "Piepho, Niels"]
[Result "1/2-1/2"]
[WhiteElo "2182"]
[BlackElo "2301"]
[WhiteFideId "4619200"]
[BlackFideId "4624262"]
[EventDate "2012.07.14"]

1. e4 d6 2. d4 Nf6 3. Nc3 g6 4. Nf3 Bg7 5. Be2 c6 6. a4 a5 7. h3 O-O 8. O-O Na6
9. Be3 Nb4 10. Qd2 Re8 11. Rfd1 d5 12. exd5 Nbxd5 13. Nxd5 Nxd5 14. Bh6 Be6 15.
Bxg7 Kxg7 16. Ne5 Qc7 17. c4 Nb4 18. Qc3 f6 19. Nd3 Na6 20. Rd2 Rad8 21. Rad1
Rd7 22. Nc5 Nxc5 23. dxc5 Rxd2 24. Rxd2 Rd8 25. Rd4 Rxd4 26. Qxd4 Qd7 27. Qc3
Qc7 1/2-1/2

[Event "Sparkassen Open A"]
[Site "Dortmund GER"]
[Date "2012.07.20"]
[Round "7.10"]
[White "Chilla, Jan Eric"]
[Black "Braeuer, Karl-Heinz"]
[Result "0-1"]
[WhiteElo "2158"]
[BlackElo "2202"]
[WhiteFideId "24650900"]
[BlackFideId "4677218"]
[EventDate "2012.07.14"]

1. Nf3 c5 2. e4 d6 3. d4 cxd4 4. Qxd4 e6 5. Bb5+ Bd7 6. Bxd7+ Qxd7 7. O-O Nc6 8.
Qe3 Nf6 9. Rd1 Qc7 10. c4 Rc8 11. Nc3 a6 12. b3 Be7 13. Bb2 O-O 14. h3 Nd7 15.
Rd2 Qb8 16. Qe2 Nde5 17. Rad1 Rfd8 18. Kh1 Nxf3 19. Qxf3 b5 20. cxb5 axb5 21.
Qg3 Bf8 22. Ne2 b4 23. Nf4 Ne7 24. Nh5 Ng6 25. f4 Qb5 26. Qf3 Rc5 27. Ng3 Rdc8
28. Ne2 Qa5 29. a4 bxa3 30. b4 Qxb4 31. Bxa3 Qa4 32. Bxc5 Rxc5 33. g3 h6 34. Kg2
Rc2 35. Rxc2 Qxc2 36. Qd3 Qc7 37. Rd2 h5 38. h4 Be7 39. Qb5 Qa7 40. Qxh5 Qe3 41.
Ra2 Qxe4+ 42. Qf3 Qc4 43. Ra8+ Nf8 44. Re8 Qc7 45. h5 d5 46. Ra8 Qb7 47. Ra1 Nd7
48. Rh1 Nf6 49. g4 Qb2 50. g5 Ne4 51. Rc1 Nd6 52. Rc7 Nf5 53. Kh3 Qa1 54. Rc8+
Kh7 55. Qg2 g6 56. Qf3 Qe1 57. hxg6+ fxg6 58. Ng3 Nxg3 59. Qxg3 Qh1+ 60. Kg4
Qh5# 0-1

[Event "Sparkassen Open A"]
[Site "Dortmund GER"]
[Date "2012.07.20"]
[Round "7.12"]
[White "Kartsev, Soel"]
[Black "Eckardt, Joshua"]
[Result "1/2-1/2"]
[WhiteElo "2198"]
[BlackElo "2057"]
[WhiteFideId "4130561"]
[BlackFideId "12941646"]
[EventDate "2012.07.14"]

1. e4 c6 2. d4 d5 3. Nc3 dxe4 4. Nxe4 Bf5 5. Ng3 Bg6 6. h4 h6 7. Nf3 e6 8. Ne5
Bh7 9. Bd3 Bxd3 10. Qxd3 Nd7 11. f4 Ngf6 12. Bd2 Be7 13. O-O-O O-O 14. Kb1 c5
15. Ne4 Nxe5 16. Nxf6+ Bxf6 17. fxe5 Bxh4 18. dxc5 Qxd3 19. cxd3 Be7 20. d4 Rfd8
21. Be3 a5 22. b3 f6 23. Bf4 Rd5 24. Rhe1 Kf7 25. Rf1 Rad8 26. exf6 gxf6 27. Bc7
R8d7 28. Bb6 e5 29. Kc2 exd4 30. Kd3 Bxc5 31. Bxa5 Rg5 32. Rf2 b6 33. Bd2 Rg3+
34. Rf3 Rxg2 35. Rh1 Bf8 36. Bxh6 Bxh6 37. Rxh6 Rd6 38. Rh4 Rxa2 39. Rxd4 Rd2+
40. Kxd2 Rxd4+ 41. Kc3 Rd6 1/2-1/2

[Event "Sparkassen Open A"]
[Site "Dortmund GER"]
[Date "2012.07.20"]
[Round "7.14"]
[White "Hobusch, Jan"]
[Black "Schmuecker, Marcus"]
[Result "1/2-1/2"]
[WhiteElo "2027"]
[BlackElo "2173"]
[WhiteFideId "12907634"]
[BlackFideId "4658892"]
[EventDate "2012.07.14"]

1. e4 e6 2. Nf3 d5 3. Nc3 d4 4. Ne2 c5 5. Ng3 Nc6 6. Bc4 Nf6 7. d3 Qc7 8. O-O
Bd6 9. Qe2 h5 10. Bg5 Bf4 11. Bxf4 Qxf4 12. e5 Ng4 13. Rfe1 h4 14. Qe4 Qxe4 15.
Nxe4 Rh5 16. Bb5 Bd7 17. Bxc6 Bxc6 18. h3 Nh6 19. Nxc5 Bxf3 20. gxf3 Rc8 21.
Nxb7 Rxc2 22. Nd6+ Kd7 23. Nc4 Rf5 24. Kg2 f6 25. Rac1 Rxc1 26. Rxc1 Nf7 27.
exf6 gxf6 28. b4 Ng5 29. Nd2 e5 30. Ne4 Nxf3 31. b5 Ng5 32. Nxg5 fxg5 33. Rc5
Kd6 34. Rc6+ Kd5 35. f3 Rf7 36. a4 Rb7 37. Ra6 Rc7 38. Kf1 Rc1+ 39. Kf2 Rc2+ 40.
Ke1 Rh2 41. Rxa7 Rxh3 42. b6 Kc6 43. a5 Rh1+ 44. Kf2 Rb1 45. Kg2 Rb3 46. Rc7+
Kb5 47. Ra7 Kc6 48. Rg7 Kb5 49. Ra7 1/2-1/2

[Event "Sparkassen Open A"]
[Site "Dortmund GER"]
[Date "2012.07.20"]
[Round "7.15"]
[White "Hecht, Carsten"]
[Black "Sievert, Jan-Thorwald"]
[Result "0-1"]
[WhiteElo "2050"]
[BlackElo "2149"]
[WhiteFideId "24693928"]
[BlackFideId "12940909"]
[EventDate "2012.07.14"]

1. e4 c5 2. Nf3 d6 3. d4 cxd4 4. Nxd4 Nf6 5. Nc3 a6 6. Bg5 e6 7. f4 Be7 8. Qf3
h6 9. Bh4 g5 10. fxg5 Nfd7 11. Nxe6 fxe6 12. Qh5+ Kf8 13. Bb5 Ne5 14. Bg3 Rh7
15. Bxe5 dxe5 16. O-O+ Kg8 17. g6 Rg7 18. Rf7 Bc5+ 19. Kh1 Qg5 20. Rd1 Bd4 21.
Rdf1 Rxf7 22. gxf7+ Kf8 23. Qxg5 hxg5 24. Bc4 Nc6 25. g4 Bxc3 26. bxc3 Bd7 27.
h4 gxh4 28. g5 Kg7 29. Be2 Ne7 30. Bh5 Bc6 0-1

[Event "Sparkassen Open A"]
[Site "Dortmund GER"]
[Date "2012.07.20"]
[Round "7.17"]
[White "Baumhackel, Mario"]
[Black "Richters, Marc"]
[Result "1/2-1/2"]
[WhiteElo "2126"]
[BlackElo "2045"]
[WhiteFideId "4636953"]
[BlackFideId "24612332"]
[EventDate "2012.07.14"]

1. d4 Nf6 2. Nf3 d6 3. c3 g6 4. Bg5 Bg7 5. Nbd2 c5 6. Bxf6 Bxf6 7. Ne4 Bg7 8.
dxc5 d5 9. Ned2 a5 10. e4 O-O 11. Be2 Na6 12. exd5 Qxd5 13. O-O Nxc5 14. Re1 a4
15. a3 Bf5 16. Nc4 Qxd1 17. Raxd1 Rfd8 18. Nb6 Rxd1 19. Rxd1 Rb8 20. Bc4 Bg4 21.
h3 Bxf3 22. gxf3 Be5 23. Bb5 Ne6 24. Bxa4 Bd6 25. Bb5 Nf4 26. Bf1 1/2-1/2

[Event "Sparkassen Open A"]
[Site "Dortmund GER"]
[Date "2012.07.20"]
[Round "7.18"]
[White "Pedersen, Lars Wisler"]
[Black "Steinmetzer, Thomas"]
[Result "0-1"]
[WhiteElo "1853"]
[BlackElo "2114"]
[WhiteFideId "1417045"]
[BlackFideId "4689690"]
[EventDate "2012.07.14"]

1. e4 e5 2. Nf3 Nc6 3. d4 exd4 4. Nxd4 Bc5 5. Be3 Qf6 6. c3 Nge7 7. Bc4 Ne5 8.
Be2 d6 9. O-O Qg6 10. Nd2 Ng4 11. Kh1 Nxe3 12. fxe3 O-O 13. b4 Bb6 14. a4 a5 15.
b5 f5 16. Bc4+ Kh8 17. exf5 Bxf5 18. Qf3 Rf6 19. Nxf5 Nxf5 20. Qxb7 Ng3+ 21.
hxg3 Qh6+ 22. Kg1 Qxe3+ 0-1

[Event "Sparkassen Open A"]
[Site "Dortmund GER"]
[Date "2012.07.20"]
[Round "7.19"]
[White "Heinzel, Peter"]
[Black "Lenaerts, Lennert"]
[Result "1/2-1/2"]
[WhiteElo "2083"]
[BlackElo "2044"]
[WhiteFideId "24682632"]
[BlackFideId "211435"]
[EventDate "2012.07.14"]

1. Nf3 Nf6 2. c4 g6 3. Nc3 Bg7 4. e3 d6 5. d4 O-O 6. Bd3 Nbd7 7. O-O e5 8. dxe5
Nxe5 9. Be2 Be6 10. Nxe5 dxe5 11. Qc2 Qe7 12. b3 Rfd8 13. Bb2 Rd7 14. Rad1 Rad8
15. Rxd7 Rxd7 16. Rd1 c6 17. Rxd7 Nxd7 18. Qd2 f5 19. Nb1 b6 20. Ba3 Qe8 21. Qd6
Nf8 22. Bb2 Bf7 23. g3 Qe6 24. Qxe6 Nxe6 25. Kf1 Kf8 26. Ba3+ Ke8 27. Bb2 Kd7
28. f4 e4 29. Bxg7 Nxg7 30. Ke1 h6 31. g4 Kd6 32. Kd2 Be6 33. gxf5 gxf5 34. Kc3
Ne8 35. Nd2 Nf6 36. h3 h5 37. h4 c5 38. Nf1 Bf7 39. Ng3 Bg6 1/2-1/2

[Event "Sparkassen Open A"]
[Site "Dortmund GER"]
[Date "2012.07.20"]
[Round "7.20"]
[White "Haase, Thomas Konstantin"]
[Black "Schorra, Helmut"]
[Result "1/2-1/2"]
[WhiteElo "1849"]
[BlackElo "2081"]
[WhiteFideId "12916773"]
[BlackFideId "4648692"]
[EventDate "2012.07.14"]

1. c4 Nf6 2. g3 e6 3. Bg2 d5 4. Nf3 c6 5. d4 Be7 6. Nbd2 O-O 7. O-O Nbd7 8. b3
b6 9. Bb2 Bb7 10. Ne5 Rc8 11. e4 c5 12. Nxd7 Qxd7 13. cxd5 cxd4 14. Bh3 Rfd8 15.
Bxd4 Nxd5 16. Qg4 Nf6 17. Bxf6 Bxf6 18. Rad1 Qc7 19. Nc4 b5 20. Ne3 Bd4 21. Rfe1
Qc5 22. Bf1 h5 23. Qe2 a6 24. a4 Bc6 25. axb5 axb5 26. Ng2 e5 27. Rc1 Qb6 28.
Rc2 Bb7 29. Rec1 Rxc2 30. Rxc2 Ra8 31. Nh4 b4 32. Qf3 g6 33. Bc4 Rf8 34. Qe2 Kg7
35. Rd2 Ra8 36. Nf3 Ra1+ 37. Kg2 f5 38. Nxd4 exd4 39. Bd5 Ba6 40. Bc4 Bb7 41.
Bd5 Ba6 42. Bc4 1/2-1/2

[Event "Sparkassen Open A"]
[Site "Dortmund GER"]
[Date "2012.07.20"]
[Round "7.22"]
[White "Faust, Martin"]
[Black "Henkemeier, Michael"]
[Result "1-0"]
[WhiteElo "2133"]
[BlackElo "1898"]
[WhiteFideId "4623517"]
[BlackFideId "24611379"]
[EventDate "2012.07.14"]

1. e4 c6 2. d4 d5 3. exd5 cxd5 4. c4 Nf6 5. Nc3 Nc6 6. Nf3 Bg4 7. cxd5 Nxd5 8.
Qb3 Bxf3 9. gxf3 Nb6 10. Be3 e6 11. O-O-O Be7 12. Rg1 Bf6 13. d5 Nxd5 14. Nxd5
exd5 15. Bc5 Qa5 16. Qxd5 Rd8 17. Qe4+ Be7 18. Rxd8+ Qxd8 19. Rxg7 Kf8 20. Bxe7+
Nxe7 21. Rg5 Qc7+ 22. Kb1 Qd7 23. Bd3 h6 24. Rg1 h5 25. Qe3 b6 26. Bc2 Nd5 27.
Qe5 f6 28. Qb8+ 1-0

[Event "Sparkassen Open A"]
[Site "Dortmund GER"]
[Date "2012.07.20"]
[Round "7.23"]
[White "Joppien, Arne"]
[Black "Elefteriadis, Paul-Gabriel"]
[Result "1-0"]
[WhiteElo "2079"]
[BlackElo "1880"]
[WhiteFideId "4637500"]
[BlackFideId "24626236"]
[EventDate "2012.07.14"]

1. d4 d5 2. Nf3 Nc6 3. Bf4 Bg4 4. e3 e6 5. c4 Bb4+ 6. Nc3 Nf6 7. Qb3 Bxf3 8.
gxf3 Qd7 9. a3 Bxc3+ 10. Qxc3 dxc4 11. Qxc4 Qd5 12. Qxd5 Nxd5 13. Bg3 O-O 14.
Bb5 Nce7 15. O-O Nf5 16. Rac1 Nxg3 17. hxg3 c6 18. Be2 Rad8 19. Rc2 Rfe8 20. f4
f5 21. b4 a6 22. Rb1 h6 23. a4 g5 24. fxg5 hxg5 25. b5 axb5 26. axb5 cxb5 27.
Rxb5 Re7 28. Rcc5 Kf7 29. Bc4 Red7 30. Kg2 g4 31. Bb3 Kg7 32. Bxd5 exd5 33. Rb6
Ra8 34. Rcb5 Rb8 35. Re6 Rbd8 36. Rbb6 Rf8 37. Rg6+ Kf7 38. Rgf6+ Kg7 39. Rxf8
Kxf8 40. Rf6+ Ke7 41. Rxf5 b5 42. Rh5 b4 43. Rh1 b3 44. Rb1 Rb7 45. Rb2 Rb4 46.
f3 gxf3+ 47. Kxf3 Kf6 48. Ke2 Kf5 49. Kd3 Kg4 50. Kc3 Rb8 51. Rxb3 Rc8+ 52. Kd3
Kxg3 53. Rb5 Rd8 54. Rb7 Kg4 55. Re7 Kf5 56. Re5+ Kf6 57. Kc3 Kf7 58. Kb4 Rd7
59. Kc5 1-0

[Event "Sparkassen Open A"]
[Site "Dortmund GER"]
[Date "2012.07.20"]
[Round "7.24"]
[White "Schuelke, Tilman"]
[Black "Strathoff, Martin"]
[Result "0-1"]
[WhiteElo "2007"]
[BlackElo "2074"]
[WhiteFideId "4647475"]
[BlackFideId "24609560"]
[EventDate "2012.07.14"]

1. d4 d5 2. c3 Nf6 3. Bg5 e6 4. Nd2 Be7 5. e3 O-O 6. Bd3 h6 7. Bh4 c5 8. f4 Nc6
9. Nh3 cxd4 10. exd4 Qb6 11. Bf2 Qxb2 12. Rc1 Qxa2 13. Rg1 Qa3 14. Bb1 Ng4 15.
Nf3 f5 16. g3 Bd7 17. Kf1 Rac8 18. Kg2 Na5 19. Qe1 Rc7 20. Rc2 Qb3 21. Nd2 Qb5
22. Qc1 Rfc8 23. Nf3 Qa6 24. Ne5 Ba4 25. Ra2 Bb3 26. Ra1 Rxc3 27. Qb2 Bc2 28.
Rc1 Qe2 29. Rxa5 Be4+ 30. Bxe4 Qxe4+ 0-1

[Event "Sparkassen Open A"]
[Site "Dortmund GER"]
[Date "2012.07.20"]
[Round "7.25"]
[White "Pustelny-Conrad, Dieter"]
[Black "Simanowski, Mio"]
[Result "1/2-1/2"]
[WhiteElo "2070"]
[BlackElo "1858"]
[WhiteFideId "24695858"]
[BlackFideId "24687154"]
[EventDate "2012.07.14"]

1. e4 e5 2. Nf3 Nc6 3. Bb5 a6 4. Bxc6 dxc6 5. d4 exd4 6. Qxd4 Qxd4 7. Nxd4 Bc5
8. Be3 Nf6 9. f3 O-O 10. Nc3 Nd7 11. O-O-O Nb6 12. Rhe1 Nc4 13. Bg1 Bb4 14. Nde2
b5 15. b3 Nb6 16. Rf1 a5 17. Rd3 Ba6 18. Kb2 Ba3+ 19. Kxa3 b4+ 20. Kb2 Bxd3 21.
cxd3 bxc3+ 22. Kxc3 f5 23. Nd4 fxe4 24. dxe4 Rf6 25. Be3 Re8 1/2-1/2

[Event "Sparkassen Open A"]
[Site "Dortmund GER"]
[Date "2012.07.20"]
[Round "7.26"]
[White "Cebulla, Konstantin"]
[Black "Zimmermann, Dirk"]
[Result "1/2-1/2"]
[WhiteElo "1977"]
[BlackElo "2069"]
[WhiteFideId "1272025"]
[BlackFideId "4677498"]
[EventDate "2012.07.14"]

1. d4 d5 2. c4 e6 3. Nf3 Nf6 4. g3 dxc4 5. Qa4+ Nbd7 6. Bg2 c5 7. O-O a6 8. Nc3
Be7 9. Rd1 cxd4 10. Nxd4 O-O 11. Qxc4 Qa5 12. Bf4 Qb4 13. Qxb4 Bxb4 14. Ne4 Nxe4
15. Bxe4 e5 16. Nc2 exf4 17. Nxb4 Nf6 18. Bf3 fxg3 19. hxg3 a5 20. Nd5 Nxd5 21.
Rxd5 b6 22. Rd6 Rb8 23. Rc1 Be6 24. a3 Rfd8 25. Rxd8+ Rxd8 26. Rc6 Rb8 27. Kf1
g6 28. Ke1 Kf8 29. Kd2 Ke7 30. Ke3 Bd7 31. Rc3 Rc8 1/2-1/2

[Event "Sparkassen Open A"]
[Site "Dortmund GER"]
[Date "2012.07.20"]
[Round "7.27"]
[White "Grahl, Matthias"]
[Black "Schnelle, Lukas"]
[Result "1-0"]
[WhiteElo "1851"]
[BlackElo "2054"]
[WhiteFideId "4692918"]
[BlackFideId "24675350"]
[EventDate "2012.07.14"]

1. e4 c6 2. d4 d5 3. Nc3 dxe4 4. Nxe4 Bf5 5. Ng3 Bg6 6. h4 h6 7. Nf3 Nd7 8. h5
Bh7 9. Bd3 Bxd3 10. Qxd3 e6 11. Bf4 Bb4+ 12. c3 Be7 13. O-O Ngf6 14. c4 O-O 15.
Qe2 Qa5 16. Ne5 Rfd8 17. a3 Nxe5 18. dxe5 Nd7 19. b4 Qa4 20. Qb2 a5 21. Bd2 Nxe5
22. Qxe5 Rxd2 23. Qc7 Bf6 24. Ne4 Bxa1 25. Nxd2 Bc3 26. Ne4 axb4 27. Qxb7 Qxa3
28. Rd1 Rd8 1-0

[Event "Sparkassen Open A"]
[Site "Dortmund GER"]
[Date "2012.07.20"]
[Round "7.29"]
[White "Begna, Bozidar"]
[Black "Simon, Thomas"]
[Result "1-0"]
[WhiteElo "2088"]
[BlackElo "1950"]
[WhiteFideId "4633555"]
[BlackFideId "24645990"]
[EventDate "2012.07.14"]

1. b4 c6 2. Bb2 Qb6 3. a3 a5 4. c3 d5 5. Nf3 Nf6 6. e3 Bg4 7. Qc2 Nbd7 8. Be2 g6
9. bxa5 Rxa5 10. c4 Bf5 11. Qc1 Nc5 12. Bd4 e5 13. Nxe5 Bg7 14. Bxc5 Qxc5 15. d4
Qa7 16. Nc3 O-O 17. c5 Ra8 18. a4 Nd7 19. Nxd7 Bxd7 20. O-O b6 21. cxb6 Qxb6 22.
Rb1 Qd8 23. Qd2 Bf8 24. Bf3 Bf5 25. Rb2 Ba3 26. Ra2 Bb4 27. Rfa1 c5 28. Qb2 Bxc3
29. Qxc3 c4 30. Bd1 Qg5 31. Rb2 Bh3 32. f4 1-0

[Event "Sparkassen Open A"]
[Site "Dortmund GER"]
[Date "2012.07.20"]
[Round "7.32"]
[White "Fenner, Martin"]
[Black "Schwarz, Larissa"]
[Result "1-0"]
[WhiteElo "2003"]
[BlackElo "1870"]
[WhiteFideId "24603589"]
[BlackFideId "24699004"]
[EventDate "2012.07.14"]

1. e4 c5 2. Nf3 e6 3. d4 cxd4 4. Nxd4 a6 5. Bd3 Nc6 6. Nxc6 bxc6 7. c4 Bc5 8.
O-O Ne7 9. Nc3 d5 10. cxd5 cxd5 11. exd5 Nxd5 12. Be4 Bb7 13. Qa4+ Ke7 14. Rd1
Nxc3 15. bxc3 Qc8 16. Bxb7 Qxb7 17. Rb1 Qa7 18. Ba3 Rac8 19. Bxc5+ Rxc5 20. Qd4
f6 21. Qd6+ Kf7 22. Rb6 Re5 23. Rxa6 Qb7 24. Qd7+ Qxd7 25. Rxd7+ Kg6 26. f4 Re2
27. Kf1 Rc2 28. Rxe6 Rxa2 29. Re2 Ra1+ 30. Re1 Ra3 31. Rc1 Rc8 32. c4 Ra4 33.
Rd4 Rc5 34. Ke2 Rb4 35. g3 Rb2+ 36. Rd2 Rb4 37. Kd3 Kf5 38. Kd4 Rc7 39. Ra2 Ke6
40. Ra6+ Kd7 41. Rc2 Rb1 42. c5 Rb4+ 43. Kd5 Rb5 44. Rd6+ Kc8 45. Rc6 Kd7 46.
Rxc7+ Kxc7 47. Ra2 Rb7 48. Re2 Kd8 49. Kc6 Rc7+ 50. Kb6 Rf7 51. Ra2 Rc7 52. c6
Rc8 53. Rd2+ Ke7 54. Kb7 1-0

[Event "Sparkassen Open A"]
[Site "Dortmund GER"]
[Date "2012.07.20"]
[Round "7.33"]
[White "Dyballa, Gerhard"]
[Black "Butschek, Marc"]
[Result "1-0"]
[WhiteElo "1986"]
[BlackElo "1943"]
[WhiteFideId "4645189"]
[BlackFideId "4630904"]
[EventDate "2012.07.14"]

1. c4 f5 2. d4 g6 3. h4 Nf6 4. h5 gxh5 5. e3 d6 6. Be2 Be6 7. Bxh5+ Nxh5 8.
Qxh5+ Bf7 9. Qxf5 Qd7 10. Qxd7+ Nxd7 11. b3 Bg7 12. Bb2 Nc5 13. Ke2 Bg6 14. Nc3
Nd3 15. Ba3 e5 16. Rd1 exd4 17. Nd5 Nc5 18. Bxc5 d3+ 19. Kd2 dxc5 20. Nxc7+ Kd7
21. Nxa8 Bb2 22. Nf3 Rf8 23. Rh4 Kc8 24. Rf4 Rd8 25. Nh4 Bh5 26. g4 Be8 27. Nf5
Kb8 28. Ne7 Kxa8 29. Nd5 Bg6 30. Nc7+ Kb8 31. Ne6 Ba3 32. Nxd8 Bb4+ 33. Kc1 Ba3+
34. Kb1 d2+ 35. e4 1-0

[Event "Sparkassen Open A"]
[Site "Dortmund GER"]
[Date "2012.07.20"]
[Round "7.35"]
[White "Zolfagharian, Kevin"]
[Black "Schleich, Theodor"]
[Result "1/2-1/2"]
[WhiteElo "1948"]
[BlackElo "2102"]
[WhiteFideId "12933570"]
[BlackFideId "24615218"]
[EventDate "2012.07.14"]

1. e4 e6 2. d4 c5 3. d5 d6 4. Nf3 Nf6 5. dxe6 Bxe6 6. Nc3 Nc6 7. Bg5 Be7 8. Qd2
a6 9. O-O-O Qa5 10. a3 Rd8 11. Qe1 O-O 12. Bd2 Rfe8 13. Nd5 Qa4 14. Nc3 1/2-1/2

[Event "Sparkassen Open A"]
[Site "Dortmund GER"]
[Date "2012.07.20"]
[Round "7.36"]
[White "Boldt, Manfred"]
[Black "Heinert, Eugen"]
[Result "0-1"]
[WhiteElo "1946"]
[BlackElo "2172"]
[WhiteFideId "24655970"]
[BlackFideId "24621390"]
[EventDate "2012.07.14"]

1. e4 e6 2. d4 d5 3. Nd2 Nf6 4. e5 Nfd7 5. Bd3 c5 6. c3 Nc6 7. Ngf3 Qb6 8. O-O
cxd4 9. cxd4 Nxd4 10. Nxd4 Qxd4 11. Nf3 Qb6 12. Qa4 h6 13. Bd2 a6 14. Rac1 g5
15. Ba5 Qxb2 16. Rc3 b5 17. Qg4 Qxa2 18. Rfc1 Bb7 19. Bb4 Qa4 20. Rb1 Bxb4 21.
Bc2 Qa5 22. Rcb3 Bc3 23. Bg6 Nf8 24. Bxf7+ Kxf7 25. Nxg5+ hxg5 26. Qf3+ Ke8 27.
Rxc3 Rc8 28. Rxc8+ Bxc8 29. Qf6 Rh7 30. Rc1 Rc7 31. Rd1 Qd2 32. Qf3 Rc1 0-1

[Event "Sparkassen Open A"]
[Site "Dortmund GER"]
[Date "2012.07.20"]
[Round "7.38"]
[White "Maniocha, Marek"]
[Black "Bausch, Thomas"]
[Result "1-0"]
[WhiteElo "2035"]
[BlackElo "1947"]
[WhiteFideId "4636821"]
[BlackFideId "24611115"]
[EventDate "2012.07.14"]

1. c4 e5 2. Nc3 Nf6 3. d3 d5 4. cxd5 Nxd5 5. Nf3 Nc6 6. g3 Be6 7. Bg2 Be7 8. O-O
O-O 9. Nxd5 Bxd5 10. b3 a5 11. Bb2 Bf6 12. Rc1 Re8 13. e3 e4 14. dxe4 Bxe4 15.
Qxd8 Bxd8 16. Rfd1 Nb4 17. Rc4 Nxa2 18. Ra1 Bd5 19. Rg4 f6 20. Rxa2 Bxb3 21. Ra1
Be6 22. Rga4 c6 23. Nd4 Bd7 24. Rc4 Be7 25. Rcc1 a4 26. Ba3 Kf7 27. Bf3 Rac8 28.
Bxe7 Rxe7 29. Rxa4 c5 30. Rac4 b6 31. Bd5+ Ke8 32. e4 Kd8 33. Nf5 Bxf5 34. exf5
Re5 35. Be6 Rc7 36. Rb1 g6 37. f4 Re2 38. Rxb6 Ra7 39. Rc1 gxf5 40. Rd6+ Ke7 41.
Bc4 Kxd6 42. Bxe2 Kd5 43. Bd3 Kd4 44. Bxf5 c4 45. Kg2 c3 46. Kf3 h6 47. Kg4 Ra8
48. Kh5 Ra2 49. Rc2 Ra6 50. Kxh6 Kc4 51. Kg6 Kb3 52. h4 Ra8 53. Rg2 Kc4 54. h5
Kd4 55. h6 1-0

[Event "Sparkassen Open A"]
[Site "Dortmund GER"]
[Date "2012.07.20"]
[Round "7.40"]
[White "Butschek, Tanja"]
[Black "Strohmann, Marcel"]
[Result "0-1"]
[WhiteElo "2043"]
[BlackElo "1801"]
[WhiteFideId "24604640"]
[BlackFideId "1270966"]
[EventDate "2012.07.14"]

1. e4 Nf6 2. e5 Nd5 3. d4 d6 4. c4 Nb6 5. exd6 exd6 6. Nc3 Nc6 7. Be3 Be7 8. Bd3
Bf6 9. Nge2 O-O 10. O-O Nb4 11. b3 Nxd3 12. Qxd3 g6 13. Ng3 Bg7 14. Rac1 Nd7 15.
Nce4 f5 16. Ng5 Nf6 17. Bd2 d5 18. cxd5 Nxd5 19. f4 Qd6 20. Qc4 Be6 21. Rfe1
Rfe8 22. Nxe6 Rxe6 23. Rxe6 Qxe6 24. Re1 Qf7 25. Nf1 Rd8 26. Qc5 Nxf4 27. Be3
Nd3 28. Qa5 Nxe1 29. Qxe1 Bxd4 30. Bxd4 Rxd4 31. Qc3 Qd7 32. Ne3 f4 33. Nc4 Rd1+
34. Kf2 Qd4+ 35. Qxd4 Rxd4 36. Kf3 Rxc4 37. bxc4 g5 38. Kg4 h6 39. Kh5 Kg7 40.
h3 b6 41. Kg4 Kg6 42. a4 h5+ 43. Kf3 Kf5 44. g3 fxg3 45. Kxg3 Ke4 46. Kf2 g4 0-1

[Event "Sparkassen Open A"]
[Site "Dortmund GER"]
[Date "2012.07.20"]
[Round "7.41"]
[White "Koch, Till"]
[Black "Henkemeier, Markus"]
[Result "0-1"]
[WhiteElo "1892"]
[BlackElo "1950"]
[WhiteFideId "24688142"]
[BlackFideId "1271859"]
[EventDate "2012.07.14"]

1. e4 c6 2. d4 d5 3. exd5 cxd5 4. c4 Nf6 5. Nc3 Nc6 6. Nf3 Bg4 7. cxd5 Nxd5 8.
Be2 e6 9. O-O Bb4 10. Nxd5 Qxd5 11. Be3 O-O 12. Qc2 Rac8 13. Ng5 Bf5 14. Qd1
Rfd8 15. Bf3 Qd7 16. Qa4 Be7 17. Rfd1 Nb4 18. Qxd7 Rxd7 19. Ne4 Rc2 20. Rd2 Bxe4
21. Bxe4 Rxd2 22. Bxd2 Rxd4 23. Bxb4 Rxb4 24. Bf3 Rxb2 25. Rc1 Bc5 26. Kf1 b6
27. Rd1 Kf8 0-1